00473nam a2200169Ia 4500003000400000005001700004008004100021020001400062040000700076041000800083082002300091100001600114245010300130260003700233300002000270365001300290OSt20230426154358.0210423s1965 xx 000 0 und d a671628186 cAL aeng a510.922 223bBELE aBELL (E T). aMen of mathematics: the lives and achievements of the great mathematicians from Zento to poincare. aNew YorkbSimon & Schusterc1965 axvii,590,iibPB b499cINR